000 00527nam a2200217Ia 4500
008 170918s9999 xx 000 0 und d
020 _a9780590400237
050 _bB414 1995
100 _aBeech, Linda
245 _aMeet the rot squad :
245 _ba book about decomposition /
245 _cLinda Beech.
260 _aNew York :
260 _bScholastic,
260 _c1995
300 _aunpaged :
300 _bcolored illustration ;
300 _c20cm.
440 _aThe magic school bus.
500 _a470
999 _c341435
_d341435